<?xml version="1.0" encoding="UTF-8"?>
<collection xmlns="http://www.loc.gov/MARC21/slim">
 <record>
  <leader>01983nam a22002537a 4500</leader>
  <controlfield tag="001">NCT_4_019666</controlfield>
  <controlfield tag="008">250513b        xxu||||| |||| 00| 0 vie d</controlfield>
  <datafield tag="999" ind1=" " ind2=" ">
   <subfield code="c">8957</subfield>
   <subfield code="d">8957</subfield>
  </datafield>
  <datafield tag="020" ind1=" " ind2=" ">
   <subfield code="a">9786041225404</subfield>
   <subfield code="c">140000</subfield>
  </datafield>
  <datafield tag="082" ind1="0" ind2="4">
   <subfield code="2">23rd ed.</subfield>
   <subfield code="a">338.47</subfield>
   <subfield code="b">L477</subfield>
  </datafield>
  <datafield tag="100" ind1="1" ind2=" ">
   <subfield code="a">Lee, Kai Fu </subfield>
  </datafield>
  <datafield tag="245" ind1="1" ind2="0">
   <subfield code="a">Các siêu cường AI : </subfield>
   <subfield code="b">Trung Quốc, Thung lũng silicon và trật tự thế giới mới </subfield>
   <subfield code="c">Kai-Fu Lee ; Bùi Thị Thu Trang (Dịch)</subfield>
  </datafield>
  <datafield tag="250" ind1=" " ind2=" ">
   <subfield code="a">In lần thứ 2</subfield>
  </datafield>
  <datafield tag="260" ind1=" " ind2=" ">
   <subfield code="a">Tp. Hồ Chí Minh</subfield>
   <subfield code="b">Trẻ </subfield>
   <subfield code="c">2023</subfield>
  </datafield>
  <datafield tag="300" ind1=" " ind2=" ">
   <subfield code="a">345 tr.</subfield>
   <subfield code="b">Minh họa </subfield>
   <subfield code="c">23 cm</subfield>
  </datafield>
  <datafield tag="500" ind1=" " ind2=" ">
   <subfield code="a">Tên sách tiếng Anh: AI super-powers : China, silicon valley, and the new world order</subfield>
  </datafield>
  <datafield tag="520" ind1="3" ind2=" ">
   <subfield code="a">Cuốn sách phân tích cuộc đua trí tuệ nhân tạo giữa Mỹ (đại diện là Thung lũng Silicon) và Trung Quốc, làm rõ cách hai cường quốc phát triển AI theo hai hướng khác nhau: Mỹ mạnh về nghiên cứu nền tảng, còn Trung Quốc vượt trội trong ứng dụng thực tiễn nhờ dữ liệu lớn và tốc độ triển khai nhanh. Tác giả cũng đồng thời cảnh báo về nguy cơ mất việc làm hàng loạt, bất bình đẳng xã hội, và kêu gọi phát triển AI theo hướng nhân văn, có đạo đức.</subfield>
  </datafield>
  <datafield tag="653" ind1=" " ind2=" ">
   <subfield code="a">Công nghệ thông tin</subfield>
  </datafield>
  <datafield tag="700" ind1="1" ind2=" ">
   <subfield code="a">Bùi Thị Thu Trang </subfield>
   <subfield code="e">Dịch</subfield>
  </datafield>
  <datafield tag="942" ind1=" " ind2=" ">
   <subfield code="2">ddc</subfield>
   <subfield code="c">BK</subfield>
  </datafield>
  <datafield tag="952" ind1=" " ind2=" ">
   <subfield code="0">0</subfield>
   <subfield code="1">0</subfield>
   <subfield code="2">ddc</subfield>
   <subfield code="4">0</subfield>
   <subfield code="6">338_470000000000000_L477</subfield>
   <subfield code="7">0</subfield>
   <subfield code="9">30707</subfield>
   <subfield code="a">000001</subfield>
   <subfield code="b">000001</subfield>
   <subfield code="d">2025-05-13</subfield>
   <subfield code="o">338.47 L477</subfield>
   <subfield code="p">MD.23745</subfield>
   <subfield code="r">2025-05-13</subfield>
   <subfield code="w">2025-05-13</subfield>
   <subfield code="y">BK</subfield>
  </datafield>
  <datafield tag="952" ind1=" " ind2=" ">
   <subfield code="0">0</subfield>
   <subfield code="1">0</subfield>
   <subfield code="2">ddc</subfield>
   <subfield code="4">0</subfield>
   <subfield code="6">338_470000000000000_L477</subfield>
   <subfield code="7">0</subfield>
   <subfield code="9">30708</subfield>
   <subfield code="a">000001</subfield>
   <subfield code="b">000001</subfield>
   <subfield code="d">2025-05-13</subfield>
   <subfield code="o">338.47 L477</subfield>
   <subfield code="p">MD.23746</subfield>
   <subfield code="r">2025-05-13</subfield>
   <subfield code="w">2025-05-13</subfield>
   <subfield code="y">BK</subfield>
  </datafield>
  <datafield tag="952" ind1=" " ind2=" ">
   <subfield code="0">0</subfield>
   <subfield code="1">0</subfield>
   <subfield code="2">ddc</subfield>
   <subfield code="4">0</subfield>
   <subfield code="6">338_470000000000000_L477</subfield>
   <subfield code="7">0</subfield>
   <subfield code="9">30709</subfield>
   <subfield code="a">000001</subfield>
   <subfield code="b">000001</subfield>
   <subfield code="d">2025-05-13</subfield>
   <subfield code="o">338.47 L477</subfield>
   <subfield code="p">MD.23747</subfield>
   <subfield code="r">2025-05-13</subfield>
   <subfield code="w">2025-05-13</subfield>
   <subfield code="y">BK</subfield>
  </datafield>
  <datafield tag="980" ind1=" " ind2=" ">
   <subfield code="a">Thư viện Trường Đại học Nam Cần Thơ</subfield>
  </datafield>
 </record>
</collection>
